Mujeres zapatistas, autonomía y territorialidades /
Los autores exploran el rol crucial que desempeñan las mujeres en el movimiento Zapatista en México. El texto analiza cómo las mujeres zapatistas han luchado por su autonomía y han desafiado las normas de género tradicionales en su lucha por la justicia social y la igualdad. El enfoque se centra en...
Guardado en:
| Hovedforfatter: | |
|---|---|
| Andre forfattere: | |
| Format: | Bog |
| Sprog: | Spanish |
| Fag: | |
| Tags: |
Tilføj Tag
Ingen Tags, Vær først til at tagge denne postø!
|
MARC
| LEADER | 00000nam a22000007a 4500 | ||
|---|---|---|---|
| 003 | cru CIDCACS/IIS | ||
| 005 | 20230902194940.0 | ||
| 007 | ta | ||
| 008 | 180531s2011 mx |||||r|||||||| ||spa|d | ||
| 040 | |c cru CIDCACS/IIS | ||
| 100 | 1 | |9 7303 |a Pérez-Enríquez, María Isabel | |
| 245 | 1 | |a Mujeres zapatistas, autonomía y territorialidades / |c María Isabel Pérez-Enríquez, María Eugenia del Sordo Tomasini | |
| 300 | |a páginas 117-134 | ||
| 520 | |a Los autores exploran el rol crucial que desempeñan las mujeres en el movimiento Zapatista en México. El texto analiza cómo las mujeres zapatistas han luchado por su autonomía y han desafiado las normas de género tradicionales en su lucha por la justicia social y la igualdad. El enfoque se centra en cómo estas mujeres han construido y ocupado territorios de resistencia, tanto físicos como simbólicos, para ejercer su agencia política y promover sus demandas. A través de un análisis detallado y casos de estudio, los autores destacan la importancia de la diversidad en las luchas feministas dentro del movimiento Zapatista y cómo las mujeres han transformado sus comunidades y su propio empoderamiento a lo largo del tiempo RAR 11/2022 | ||
| 650 | 0 | |2 UNESCO |9 5640 |a ZAPATISMO | |
| 650 | 0 | |2 OCDE |9 7979 |a AUTONOMIA | |
| 650 | 0 | |2 OCDE |9 7715 |a TERRITORIOS | |
| 650 | 0 | |2 OCDE |9 4611 |a IGUALDAD DE GENERO | |
| 650 | 0 | |2 OCDE |9 2130 |a JUSTICIA SOCIAL | |
| 650 | 0 | |2 UNESCO |9 111 |a FEMINISMO | |
| 650 | 0 | |2 UNESCO |9 11642 |a DIVERSIDAD CULTURAL | |
| 651 | 0 | |2 OCDE |9 3410 |a MEXICO | |
| 700 | 1 | |9 7304 |a Sordo Tomasini, María Eugenia del | |
| 773 | 0 | |0 41479 |9 2056 |a Ocampo Guzmán, María Guadalupe |d México: Universidad Autónoma de Chiapas, 2011 |o 17730 |t Estudios regionales en el siglo XXI: |z 082135552X | |
| 942 | |2 ddc |c PP | ||
| 999 | |c 41484 |d 41484 | ||



